000 00285nam a22001337a 4500
008 171106b xxu||||| |||| 00| 0 eng d
020 _a9781256916062
041 _aeng
080 _a330.722.6
100 _a61
101 _aKON
245 _aACCOUTING
_cWALTER.T.H
942 _2udc
_cBK
999 _c37695
_d37695